00625nam a2200217Ia 4500008004100000020001500041020002200056041000800078082001900086100002200105245003800127250000800165260003800173300000800211365001300219650002500232700002000257942001200277999001900289952009900308140306s9999 xx 000 0 und d a8131505839 a978-81-315-0583-0 aeng a658.15bHAW/FI aHawawini, Gabriel aFinance for Non- finance Managers a1st aNew DelhibCengage Learningc2006 a512 bRs.450/- aMeasuring Cash flows aViallet, Claude 2ddccBK c188350d188350 00102ddc4070aKAUCBVbKAUCBVg450.00l0o658.15 HAW/FIr2014-03-22 00:00:00w2014-03-22yBK